[Event "Mercosur Cup"]
[Site "Vicente Lopez"]
[Date "2005.07.15"]
[Round "2"]
[White "Scarella, Enrique Alejandro"]
[Black "Cubas, Jose Fernando"]
[Result "0-1"]
[WhiteElo "2367"]
[BlackElo "2451"]
[PlyCount "64"]
[EventDate "2005.07.14"]
[EventType "tourn"]
[EventRounds "11"]
[EventCountry "ARG"]
[EventCategory "8"]
[SourceTitle "CBM 107 Extra"]
[Source "ChessBase"]
[SourceDate "2005.09.01"]
[SourceVersion "1"]
[SourceVersionDate "2005.09.01"]
[SourceQuality "1"]

1. d4 d5 2. c4 c6 3. Nf3 Nf6 4. Nc3 a6 5. c5 Nbd7 6. Bf4 Nh5 7. Bg5 h6 8. Bd2
Nhf6 9. Qc2 Qc7 10. e4 e5 11. exd5 cxd5 12. b4 exd4 13. Nxd4 b6 14. c6 Ne5 15.
Nd1 Bd6 16. Ne3 O-O 17. Be2 Re8 18. h3 b5 19. O-O Qb6 20. Ndf5 Bf8 21. Bc3 Qxc6
22. Qb2 Nc4 23. Bxc4 dxc4 24. Nxh6+ gxh6 25. Bxf6 Bb7 26. Bc3 Re6 27. Rae1 Rae8
28. Qd2 Rd6 29. Qe2 f5 30. Qf3 Qxf3 31. gxf3 Rg6+ 32. Ng2 Rxe1 0-1

[Event "Mercosur Cup"]
[Site "Vicente Lopez"]
[Date "2005.07.17"]
[Round "4"]
[White "Cubas, Jose Fernando"]
[Black "Valerga, Diego"]
[Result "1/2-1/2"]
[WhiteElo "2451"]
[BlackElo "2499"]
[PlyCount "80"]
[EventDate "2005.07.14"]
[EventType "tourn"]
[EventRounds "11"]
[EventCountry "ARG"]
[EventCategory "8"]
[SourceTitle "CBM 107 Extra"]
[Source "ChessBase"]
[SourceDate "2005.09.01"]
[SourceVersion "1"]
[SourceVersionDate "2005.09.01"]
[SourceQuality "1"]

1. e4 c5 2. Nf3 e6 3. d4 cxd4 4. Nxd4 Nf6 5. Nc3 d6 6. f3 a6 7. Be3 b5 8. Qd2
Nbd7 9. g4 Nb6 10. O-O-O Bb7 11. Bd3 Nfd7 12. Qf2 Rc8 13. Nb3 Rxc3 14. bxc3 Na4
15. c4 Nc3 16. Bd4 Nxd1 17. Rxd1 e5 18. Be3 d5 19. cxd5 Ba3+ 20. Kb1 O-O 21.
Bc1 Bd6 22. Qa7 Qc7 23. Qf2 Nb6 24. c3 Na4 25. Bb2 Nxc3+ 26. Bxc3 Qxc3 27. Qd2
Qxd2 28. Rxd2 Rc8 29. Rc2 Kf8 30. Na5 Rxc2 31. Kxc2 Bc8 32. Kb3 Bc7 33. Nc6 Bd7
34. Kb4 Bxc6 35. dxc6 Ke7 36. Kc5 g5 37. Bc2 Ba5 38. Bb3 Bc7 39. Bc2 Ke6 40.
Bb3+ Ke7 1/2-1/2

[Event "Mercosur Cup"]
[Site "Vicente Lopez"]
[Date "2005.07.18"]
[Round "5"]
[White "Lafuente, Pablo"]
[Black "Cubas, Jose Fernando"]
[Result "0-1"]
[WhiteElo "2435"]
[BlackElo "2451"]
[PlyCount "78"]
[EventDate "2005.07.14"]
[EventType "tourn"]
[EventRounds "11"]
[EventCountry "ARG"]
[EventCategory "8"]
[SourceTitle "CBM 107 Extra"]
[Source "ChessBase"]
[SourceDate "2005.09.01"]
[SourceVersion "1"]
[SourceVersionDate "2005.09.01"]
[SourceQuality "1"]

1. d4 d5 2. c4 c6 3. Nc3 Nf6 4. e3 a6 5. Qc2 b5 6. b3 Bg4 7. Nge2 e6 8. Ng3 Bb4
9. a3 Bd6 10. h3 Bh5 11. Nxh5 Nxh5 12. Bd3 Nf6 13. O-O O-O 14. e4 e5 15. exd5
exd4 16. Ne4 bxc4 17. bxc4 cxd5 18. Nxd6 Qxd6 19. c5 Qe5 20. Bb2 Nc6 21. Qa4
Rfc8 22. Rfe1 Qf4 23. Rad1 Nd7 24. Qc2 g6 25. Bf1 Qc7 26. Bxd4 Nxd4 27. Rxd4
Qxc5 28. Qxc5 Rxc5 29. Re7 Nf6 30. Rf4 Rc6 31. g4 g5 32. Rb4 a5 33. Rbb7 Rf8
34. a4 Rc1 35. Kg2 d4 36. Rb5 Rd8 37. Rxa5 Nd5 38. Re4 Nf4+ 39. Kf3 Rc3+ 0-1

[Event "Mercosur Cup"]
[Site "Vicente Lopez"]
[Date "2005.07.19"]
[Round "6"]
[White "Cubas, Jose Fernando"]
[Black "Garcia Palermo, Carlos H"]
[Result "0-1"]
[WhiteElo "2451"]
[BlackElo "2467"]
[PlyCount "54"]
[EventDate "2005.07.14"]
[EventType "tourn"]
[EventRounds "11"]
[EventCountry "ARG"]
[EventCategory "8"]
[SourceTitle "CBM 107 Extra"]
[Source "ChessBase"]
[SourceDate "2005.09.01"]
[SourceVersion "1"]
[SourceVersionDate "2005.09.01"]
[SourceQuality "1"]

1. e4 c6 2. d4 d5 3. e5 Bf5 4. Be3 e6 5. Nd2 Qb6 6. Nb3 a5 7. a4 Nd7 8. Ne2
Bb4+ 9. c3 Be7 10. Ng3 Bg6 11. h4 h5 12. Be2 Nh6 13. Bg5 f6 14. Bxh6 Rxh6 15.
Nxh5 O-O-O 16. Nf4 fxe5 17. Nxe6 Rdh8 18. Bg4 Rxh4 19. Rh3 Kb8 20. Kf1 Nf6 21.
Rxh4 Rxh4 22. Bh3 Bf5 23. Nxg7 Bxh3 24. gxh3 Ne4 25. Nf5 Rf4 26. Nxe7 Qd8 27.
Qh5 Ng3+ 0-1

[Event "Mercosur Cup"]
[Site "Vicente Lopez"]
[Date "2005.07.21"]
[Round "7"]
[White "Alonso, Salvador"]
[Black "Cubas, Jose Fernando"]
[Result "1-0"]
[WhiteElo "2457"]
[BlackElo "2451"]
[PlyCount "105"]
[EventDate "2005.07.14"]
[EventType "tourn"]
[EventRounds "11"]
[EventCountry "ARG"]
[EventCategory "8"]
[SourceTitle "CBM 107 Extra"]
[Source "ChessBase"]
[SourceDate "2005.09.01"]
[SourceVersion "1"]
[SourceVersionDate "2005.09.01"]
[SourceQuality "1"]

1. e4 e6 2. d4 d5 3. Nc3 Nf6 4. Bg5 Bb4 5. e5 h6 6. Bd2 Bxc3 7. bxc3 Ne4 8. Qg4
g6 9. Qf4 c5 10. Bd3 Nxd2 11. Qxd2 Bd7 12. Nf3 c4 13. Be2 Bc6 14. h4 Nd7 15. h5
g5 16. Nh2 Qa5 17. Ng4 O-O-O 18. f4 Rdf8 19. O-O Qd8 20. fxg5 hxg5 21. Nf6 Nxf6
22. Rxf6 Qa5 23. Bg4 Be8 24. a3 Rfg8 25. Kf2 Rg7 26. Ke2 Rgh7 27. Qe3 Kb8 28.
Kd2 Rg8 29. Qe1 Rgh8 30. Qb1 Rh6 31. Rxh6 Rxh6 32. Qb4 Qxb4 33. cxb4 f5 34.
exf6 Rxf6 35. Rh1 Rh6 36. Re1 Bf7 37. Re5 Bxh5 38. Bxe6 Rf6 39. Bxd5 Rf2+ 40.
Kc3 Bg6 41. Be4 Bxe4 42. Rxe4 Rxg2 43. a4 g4 44. Re8+ Kc7 45. Re7+ Kc6 46. b5+
Kb6 47. Rg7 g3 48. Kb4 a5+ 49. Kc3 Rg1 50. Kxc4 g2 51. Rg3 Ka7 52. Kc5 b6+ 53.
Kc6 1-0

[Event "Mercosur Cup"]
[Site "Vicente Lopez"]
[Date "2005.07.22"]
[Round "8"]
[White "Cubas, Jose Fernando"]
[Black "Fernandez, Daniel"]
[Result "0-1"]
[WhiteElo "2451"]
[BlackElo "2406"]
[PlyCount "76"]
[EventDate "2005.07.14"]
[EventType "tourn"]
[EventRounds "11"]
[EventCountry "ARG"]
[EventCategory "8"]
[SourceTitle "CBM 107 Extra"]
[Source "ChessBase"]
[SourceDate "2005.09.01"]
[SourceVersion "1"]
[SourceVersionDate "2005.09.01"]
[SourceQuality "1"]

1. e4 c5 2. Nf3 e6 3. d4 cxd4 4. Nxd4 Nf6 5. Nc3 d6 6. f3 a6 7. Be3 b5 8. g4 h6
9. Qd2 Nbd7 10. O-O-O b4 11. Na4 Ne5 12. b3 Bd7 13. Nb2 d5 14. g5 Nxf3 15. Nxf3
Nxe4 16. Qe1 hxg5 17. Ne5 Nc3 18. a4 Nxd1 19. Qxd1 Bd6 20. Nbd3 Qc7 21. Nxd7
Kxd7 22. h3 f6 23. Kb1 Qc3 24. Rg1 a5 25. Bd2 Qc7 26. Nb2 Ke7 27. Qf3 Be5 28.
Bb5 Qc5 29. Rg4 Rac8 30. Qd1 Rxh3 31. Nd3 Rh1 32. Ne1 Bc3 33. Rg2 Bxd2 34. Rxd2
Rch8 35. Re2 Rg1 36. Ka2 Rhh1 37. Rxe6+ Kxe6 38. Qe2+ Kd6 0-1

[Event "Mercosur Cup"]
[Site "Vicente Lopez"]
[Date "2005.07.23"]
[Round "9"]
[White "Rodriguez Vila, Andres"]
[Black "Cubas, Jose Fernando"]
[Result "1-0"]
[WhiteElo "2523"]
[BlackElo "2451"]
[PlyCount "101"]
[EventDate "2005.07.14"]
[EventType "tourn"]
[EventRounds "11"]
[EventCountry "ARG"]
[EventCategory "8"]
[SourceTitle "CBM 107 Extra"]
[Source "ChessBase"]
[SourceDate "2005.09.01"]
[SourceVersion "1"]
[SourceVersionDate "2005.09.01"]
[SourceQuality "1"]

1. e4 e6 2. d4 d5 3. Nc3 Nf6 4. exd5 exd5 5. Bg5 c6 6. Qe2+ Be7 7. Bxf6 gxf6 8.
O-O-O Be6 9. f4 Qd6 10. g3 Nd7 11. Bh3 Bxh3 12. Nxh3 O-O-O 13. Rhe1 Rde8 14.
Qh5 Rhf8 15. Re2 Nb6 16. Rde1 Nc4 17. Nd1 Qd7 18. Nhf2 Nd6 19. Nd3 b6 20. N1f2
Bd8 21. Kd1 Rxe2 22. Rxe2 Re8 23. Qxh7 Rxe2 24. Kxe2 Nf5 25. c3 c5 26. dxc5
bxc5 27. Nxc5 Qe7+ 28. Kf3 Qe3+ 29. Kg2 Nd6 30. Ncd3 Bb6 31. Qh8+ Kc7 32. Qxf6
Ne4 33. Qxf7+ Kb8 34. Qxd5 Nxf2 35. Qe5+ Qxe5 36. Nxe5 Nd1 37. h4 Kc7 38. h5
Bc5 39. h6 Bf8 40. h7 Bg7 41. Ng6 Nxb2 42. g4 Kd7 43. Kf3 Nd1 44. f5 Nxc3 45.
g5 Nd5 46. h8=Q Bxh8 47. Nxh8 a5 48. Ke4 Nc3+ 49. Ke5 Nxa2 50. g6 Nb4 51. f6
1-0

[Event "Mercosur Cup"]
[Site "Vicente Lopez"]
[Date "2005.07.24"]
[Round "10"]
[White "Cubas, Jose Fernando"]
[Black "Slipak, Sergio"]
[Result "1/2-1/2"]
[WhiteElo "2451"]
[BlackElo "2489"]
[PlyCount "36"]
[EventDate "2005.07.14"]
[EventType "tourn"]
[EventRounds "11"]
[EventCountry "ARG"]
[EventCategory "8"]
[SourceTitle "CBM 107 Extra"]
[Source "ChessBase"]
[SourceDate "2005.09.01"]
[SourceVersion "1"]
[SourceVersionDate "2005.09.01"]
[SourceQuality "1"]

1. e4 e5 2. d4 exd4 3. Qxd4 Nc6 4. Qe3 Nf6 5. Nc3 Bb4 6. Bd2 O-O 7. O-O-O Re8
8. Qg3 Rxe4 9. a3 Bd6 10. f4 Re8 11. Bd3 Bf8 12. Nf3 d5 13. Rde1 Ne7 14. Ne5
Bf5 15. Bxf5 Nxf5 16. Qd3 d4 17. Qxf5 dxc3 18. Bxc3 Qd5 1/2-1/2

[Event "Mercosur Cup"]
[Site "Vicente Lopez"]
[Date "2005.07.25"]
[Round "11"]
[White "Mieles Palau, Daniel"]
[Black "Cubas, Jose Fernando"]
[Result "1/2-1/2"]
[WhiteElo "2476"]
[BlackElo "2451"]
[PlyCount "45"]
[EventDate "2005.07.14"]
[EventType "tourn"]
[EventRounds "11"]
[EventCountry "ARG"]
[EventCategory "8"]
[SourceTitle "CBM 107 Extra"]
[Source "ChessBase"]
[SourceDate "2005.09.01"]
[SourceVersion "1"]
[SourceVersionDate "2005.09.01"]
[SourceQuality "1"]

1. d4 d5 2. c4 c6 3. Nc3 Nf6 4. Nf3 dxc4 5. a4 Bf5 6. e3 e6 7. Bxc4 Nbd7 8. O-O
Bb4 9. h3 O-O 10. Qe2 Bg6 11. Rd1 Qa5 12. Bd2 Rfe8 13. Qe1 e5 14. Ne4 Bxd2 15.
Qxd2 Qxd2 16. Nxf6+ Nxf6 17. Rxd2 Rad8 18. dxe5 Rxd2 19. Nxd2 Rxe5 20. Kf1 Kf8
21. Ke2 Ne4 22. Nxe4 Rxe4 23. b3 1/2-1/2

[Event "Mario Covas 5th"]
[Site "Santos"]
[Date "2005.09.26"]
[Round "1"]
[White "Cubas, Jose Fernando"]
[Black "Leitao, Rafael Duailibe"]
[Result "0-1"]
[WhiteElo "2451"]
[BlackElo "2598"]
[PlyCount "154"]
[EventDate "2005.09.26"]
[EventType "schev"]
[EventRounds "6"]
[EventCountry "BRA"]
[SourceTitle "CBM 108 Extra"]
[Source "ChessBase"]
[SourceDate "2005.11.04"]
[SourceVersion "1"]
[SourceVersionDate "2005.11.04"]
[SourceQuality "1"]

1. e4 d6 2. d4 Nf6 3. Nc3 g6 4. Nf3 Bg7 5. Be3 O-O 6. Qd2 Nbd7 7. O-O-O Ng4 8.
Bg5 f6 9. Bc4+ Kh8 10. Bf4 e5 11. dxe5 Ndxe5 12. Nxe5 fxe5 13. Bg5 Qxg5 14.
Qxg5 Bh6 15. Qxh6 Nxh6 16. f3 Bd7 17. Nd5 Rac8 18. Bb3 Ng8 19. Rd2 Kg7 20. Rhd1
Nf6 21. Ne3 Nh5 22. Nc4 Rce8 23. Na5 b6 24. Nc4 Nf4 25. Ne3 h5 26. Nd5 Nxd5 27.
Bxd5 a5 28. Bc4 g5 29. Rf2 Rf6 30. Rdf1 Re7 31. Kd2 Kf8 32. Ke3 Rg7 33. g3 Ke7
34. f4 exf4+ 35. gxf4 gxf4+ 36. Rxf4 Rxf4 37. Rxf4 Rg2 38. Rf7+ Kd8 39. Rf8+
Ke7 40. Rf7+ Ke8 41. Rf2 Rg5 42. h4 Re5 43. Bf7+ Ke7 44. Bg6 Be6 45. a3 a4 46.
c3 Rb5 47. Kd4 Re5 48. Rg2 Kf6 49. Be8 Bb3 50. Rg6+ Ke7 51. Bc6 Rc5 52. Rg7+
Kf6 53. Rxc7 Be6 54. Ke3 Ke5 55. Rh7 Rxc6 56. Rxh5+ Kf6 57. Rh6+ Kf7 58. Rh7+
Kg6 59. Re7 Kf6 60. Rb7 Ke5 61. Rg7 Rc8 62. Rg5+ Kf6 63. Rb5 Rb8 64. Kd4 Bd7
65. e5+ dxe5+ 66. Rxe5 Rg8 67. Rg5 Rh8 68. Kd5 Rxh4 69. Rg2 Ke7 70. c4 Rh5+ 71.
Kd4 Kd6 72. Rg6+ Be6 73. Kc3 Rh3+ 74. Kb4 Rb3+ 75. Kxa4 Rxb2 76. Rh6 Ke7 77.
Rh7+ Ke8 0-1

[Event "Mario Covas 5th"]
[Site "Santos"]
[Date "2005.09.27"]
[Round "2"]
[White "Cubas, Jose Fernando"]
[Black "Vescovi, Giovanni P"]
[Result "1-0"]
[WhiteElo "2451"]
[BlackElo "2640"]
[PlyCount "96"]
[EventDate "2005.09.26"]
[EventType "schev"]
[EventRounds "6"]
[EventCountry "BRA"]
[SourceTitle "CBM 108 Extra"]
[Source "ChessBase"]
[SourceDate "2005.11.04"]
[SourceVersion "1"]
[SourceVersionDate "2005.11.04"]
[SourceQuality "1"]

1. e4 c5 2. Nf3 e6 3. d4 cxd4 4. Nxd4 a6 5. Nc3 d6 6. Be3 Nf6 7. g4 h6 8. f3 b5
9. Qd2 Bb7 10. O-O-O Nbd7 11. Bd3 Ne5 12. Kb1 b4 13. Nce2 d5 14. exd5 Nxd5 15.
Nf4 Nxf4 16. Bxf4 Nxd3 17. Qxd3 Bc5 18. Nxe6 Qxd3 19. Nc7+ Ke7 20. Rxd3 Rad8
21. Re1+ Kf6 22. Red1 Rxd3 23. Rxd3 h5 24. Nd5+ Kg6 25. c4 bxc3 26. bxc3 hxg4
27. fxg4 f5 28. g5 Bg1 29. Ne7+ Kf7 30. Nxf5 Kg6 31. Ng3 Bc5 32. Rd7 Bf3 33.
Be5 Bf8 34. Rd8 Kxg5 35. Bd6 Bxd6 36. Rxh8 Be5 37. Kc2 Kg4 38. Kd3 g5 39. Rh6
a5 40. Nf1 Kf4 41. Nd2 Bg2 42. c4 g4 43. Rh5 Bc6 44. Rh6 Bd7 45. c5 Kg5 46. Rb6
Bxh2 47. c6 Bf5+ 48. Ke2 Kf6 1-0

[Event "Mario Covas 5th"]
[Site "Santos"]
[Date "2005.09.28"]
[Round "3"]
[White "Milos, Gilberto"]
[Black "Cubas, Jose Fernando"]
[Result "1-0"]
[WhiteElo "2606"]
[BlackElo "2451"]
[PlyCount "59"]
[EventDate "2005.09.26"]
[EventType "schev"]
[EventRounds "6"]
[EventCountry "BRA"]
[SourceTitle "CBM 108 Extra"]
[Source "ChessBase"]
[SourceDate "2005.11.04"]
[SourceVersion "1"]
[SourceVersionDate "2005.11.04"]
[SourceQuality "1"]

1. e4 e6 2. d4 d5 3. Nc3 Nf6 4. Bg5 Be7 5. e5 Nfd7 6. Bxe7 Qxe7 7. f4 a6 8. Nf3
Nb6 9. Qd2 Bd7 10. g4 Nc6 11. h4 O-O-O 12. h5 h6 13. Nd1 Na7 14. Ne3 Kb8 15. f5
c5 16. c3 Nc4 17. Bxc4 dxc4 18. f6 gxf6 19. exf6 Qxf6 20. Qh2+ Ka8 21. Nxc4 Nc6
22. Rf1 Qe7 23. Qd6 cxd4 24. Qxe7 Nxe7 25. Nxd4 f6 26. Nb6+ Ka7 27. Nxd7 Rxd7
28. O-O-O f5 29. gxf5 Rd5 30. f6 1-0

[Event "Mario Covas 5th"]
[Site "Santos"]
[Date "2005.09.29"]
[Round "4"]
[White "Leitao, Rafael Duailibe"]
[Black "Cubas, Jose Fernando"]
[Result "1/2-1/2"]
[WhiteElo "2598"]
[BlackElo "2451"]
[PlyCount "64"]
[EventDate "2005.09.26"]
[EventType "schev"]
[EventRounds "6"]
[EventCountry "BRA"]
[SourceTitle "CBM 108 Extra"]
[Source "ChessBase"]
[SourceDate "2005.11.04"]
[SourceVersion "1"]
[SourceVersionDate "2005.11.04"]
[SourceQuality "1"]

1. d4 d5 2. c4 c6 3. Nc3 Nf6 4. e3 a6 5. Qc2 b5 6. b3 Bg4 7. Nge2 Bh5 8. Nf4
Bg6 9. Nxg6 hxg6 10. g3 e6 11. Bg2 Nbd7 12. O-O Rc8 13. Bb2 Be7 14. Rad1 Qc7
15. Rfe1 O-O 16. e4 b4 17. Na4 Nxe4 18. Bxe4 dxe4 19. Qxe4 Bf6 20. Bc1 Rfd8 21.
Bf4 Qa5 22. d5 exd5 23. cxd5 cxd5 24. Rxd5 Nc5 25. Nxc5 Rxd5 26. Qxd5 Qxc5 27.
Re8+ Kh7 28. Qxf7 Rxe8 29. Qxe8 Qc2 30. Qe6 Qxa2 31. Qh3+ Kg8 32. Qe6+ Kh7
1/2-1/2

[Event "Mario Covas 5th"]
[Site "Santos"]
[Date "2005.09.30"]
[Round "5"]
[White "Vescovi, Giovanni P"]
[Black "Cubas, Jose Fernando"]
[Result "1-0"]
[WhiteElo "2640"]
[BlackElo "2451"]
[PlyCount "65"]
[EventDate "2005.09.26"]
[EventType "schev"]
[EventRounds "6"]
[EventCountry "BRA"]
[SourceTitle "CBM 108 Extra"]
[Source "ChessBase"]
[SourceDate "2005.11.04"]
[SourceVersion "1"]
[SourceVersionDate "2005.11.04"]
[SourceQuality "1"]

1. d4 d5 2. c4 c6 3. Nf3 Nf6 4. Nc3 a6 5. c5 Nbd7 6. Bf4 Nh5 7. Bd2 Nhf6 8. b4
g6 9. Qc1 h6 10. g3 Bg7 11. Bg2 Kf8 12. O-O Kg8 13. Qc2 Kh7 14. Rad1 Rf8 15.
Bc1 Ne8 16. Nh4 f5 17. e4 dxe4 18. d5 Nef6 19. dxc6 bxc6 20. f3 Nd5 21. Nxd5
cxd5 22. fxe4 fxe4 23. Rxf8 Qxf8 24. Rxd5 Nf6 25. Rd4 Bb7 26. Bb2 Rd8 27. c6
Rxd4 28. Bxd4 Qc8 29. Bxf6 Bxf6 30. Qxe4 Bxh4 31. cxb7 Qc1+ 32. Bf1 Bg5 33.
b8=Q 1-0

[Event "Mario Covas 5th"]
[Site "Santos"]
[Date "2005.10.01"]
[Round "6"]
[White "Cubas, Jose Fernando"]
[Black "Milos, Gilberto"]
[Result "1-0"]
[WhiteElo "2451"]
[BlackElo "2606"]
[PlyCount "116"]
[EventDate "2005.09.26"]
[EventType "schev"]
[EventRounds "6"]
[EventCountry "BRA"]
[SourceTitle "CBM 108 Extra"]
[Source "ChessBase"]
[SourceDate "2005.11.04"]
[SourceVersion "1"]
[SourceVersionDate "2005.11.04"]
[SourceQuality "1"]

1. e4 c5 2. Nf3 Nc6 3. d4 cxd4 4. Nxd4 Nf6 5. Nc3 d6 6. f3 e6 7. Be3 Be7 8. Qd2
O-O 9. O-O-O a6 10. g4 Nd7 11. Rg1 Nde5 12. Rg3 b5 13. Nxc6 Nxc6 14. g5 Bb7 15.
h4 Rc8 16. Kb1 Qc7 17. Qf2 b4 18. Na4 d5 19. exd5 exd5 20. Bb6 Qb8 21. Bh3 Rce8
22. Rgg1 Ne5 23. f4 Nc4 24. Bd4 Bd6 25. Nc5 Bc8 26. f5 Qb5 27. Bf1 Qc6 28. Bd3
Be5 29. h5 Qc7 30. f6 g6 31. Rh1 Bxd4 32. Qxd4 Qe5 33. Bxc4 Qxd4 34. Rxd4 dxc4
35. hxg6 fxg6 36. Rxc4 Re5 37. Ne4 Be6 38. Rc7 Rf7 39. Rd1 h5 40. Rxf7 Kxf7 41.
Nd6+ Kf8 42. b3 Rd5 43. Kc1 h4 44. Ne4 Rxd1+ 45. Kxd1 h3 46. Nf2 h2 47. Kd2 Kf7
48. c3 Bd5 49. cxb4 Ke6 50. Ke3 Kf5 51. Kd4 Bf7 52. a4 Kf4 53. b5 axb5 54. axb5
Kf3 55. Nh1 Kg2 56. Ke3 Bd5 57. b6 Kg1 58. Nf2 Kf1 1-0

[Event "Mario Covas rap 5th"]
[Site "Santos"]
[Date "2005.09.26"]
[Round "1"]
[White "Milos, Gilberto"]
[Black "Cubas, Jose Fernando"]
[Result "1-0"]
[WhiteElo "2606"]
[BlackElo "2451"]
[PlyCount "69"]
[EventDate "2005.09.26"]
[EventType "schev (rapid)"]
[EventRounds "6"]
[EventCountry "BRA"]
[SourceTitle "CBM 108 Extra"]
[Source "ChessBase"]
[SourceDate "2005.11.04"]
[SourceVersion "1"]
[SourceVersionDate "2005.11.04"]
[SourceQuality "1"]

1. e4 e6 2. d4 d5 3. Nc3 Nf6 4. Bg5 Be7 5. e5 Nfd7 6. Bxe7 Qxe7 7. f4 a6 8. Nf3
Nb6 9. Qd2 Bd7 10. Qf2 Nc6 11. a3 Na7 12. Bd3 Nb5 13. Ne2 Rc8 14. O-O c5 15. c3
Na7 16. dxc5 Qxc5 17. Ned4 g6 18. Kh1 Nc6 19. Rac1 Nxd4 20. Nxd4 Nc4 21. a4 Qe7
22. g4 h5 23. b3 Na5 24. f5 hxg4 25. fxg6 fxg6 26. Be2 Nc6 27. Bxg4 Nxd4 28.
Qxd4 Kd8 29. c4 Qh4 30. h3 Bc6 31. Rf7 Ke8 32. Qf4 dxc4+ 33. Kh2 Rd8 34. Rf1 g5
35. Re7+ 1-0

[Event "Mario Covas rap 5th"]
[Site "Santos"]
[Date "2005.09.27"]
[Round "2"]
[White "Vescovi, Giovanni P"]
[Black "Cubas, Jose Fernando"]
[Result "0-1"]
[WhiteElo "2640"]
[BlackElo "2451"]
[PlyCount "94"]
[EventDate "2005.09.26"]
[EventType "schev (rapid)"]
[EventRounds "6"]
[EventCountry "BRA"]
[SourceTitle "CBM 108 Extra"]
[Source "ChessBase"]
[SourceDate "2005.11.04"]
[SourceVersion "1"]
[SourceVersionDate "2005.11.04"]
[SourceQuality "1"]

1. e4 e6 2. d4 d5 3. Nc3 Nf6 4. Bg5 Bb4 5. e5 h6 6. Bd2 Bxc3 7. bxc3 Ne4 8. Qg4
g6 9. Nf3 Nxd2 10. Kxd2 c5 11. Bd3 Bd7 12. Rhb1 Bc6 13. a4 Qe7 14. h4 Nd7 15.
a5 O-O-O 16. dxc5 Qxc5 17. Qd4 Rdg8 18. Rh1 Kb8 19. Qxc5 Nxc5 20. Nd4 Kc7 21.
Ke3 g5 22. g3 Nd7 23. f4 gxf4+ 24. Kxf4 h5 25. Be2 Nc5 26. Bf3 Bd7 27. Rae1 f5
28. exf6 Kd6 29. c4 Rh6 30. cxd5 Rxf6+ 31. Ke3 e5 32. Ne2 e4 33. Bxh5 Bb5 34.
Rhf1 Rxf1 35. Rxf1 Bxe2 36. Bxe2 Rxg3+ 37. Kd4 Rg2 38. Rf6+ Ke7 39. Rh6 Rxe2
40. Kxc5 Rxc2+ 41. Kd4 e3 42. Re6+ Kd7 43. Rxe3 Rh2 44. Re4 b6 45. a6 Rh3 46.
Rg4 Ra3 47. h5 Ra4+ 0-1

[Event "Mario Covas rap 5th"]
[Site "Santos"]
[Date "2005.09.28"]
[Round "3"]
[White "Cubas, Jose Fernando"]
[Black "Leitao, Rafael Duailibe"]
[Result "0-1"]
[WhiteElo "2451"]
[BlackElo "2598"]
[PlyCount "60"]
[EventDate "2005.09.26"]
[EventType "schev (rapid)"]
[EventRounds "6"]
[EventCountry "BRA"]
[SourceTitle "CBM 108 Extra"]
[Source "ChessBase"]
[SourceDate "2005.11.04"]
[SourceVersion "1"]
[SourceVersionDate "2005.11.04"]
[SourceQuality "1"]

1. e4 c6 2. d4 d5 3. e5 Bf5 4. Be3 Qb6 5. Qc1 e6 6. c4 dxc4 7. Bxc4 Ne7 8. Ne2
Qd8 9. O-O Nd7 10. Nbc3 Bg6 11. Ng3 h6 12. Bb3 Nf5 13. Nge4 Nb6 14. Rd1 Be7 15.
Nc5 Qc8 16. N3e4 O-O 17. g4 Nxe3 18. fxe3 Nd5 19. Nd6 Bxd6 20. exd6 b6 21. Nd3
Qd8 22. Ne5 Qxd6 23. Nxg6 fxg6 24. e4 Nf4 25. Qe3 g5 26. Rf1 Qxd4 27. Qxd4 Ne2+
28. Kg2 Nxd4 29. Bc4 c5 30. Rad1 Rf4 0-1

[Event "Mario Covas rap 5th"]
[Site "Santos"]
[Date "2005.09.29"]
[Round "4"]
[White "Cubas, Jose Fernando"]
[Black "Milos, Gilberto"]
[Result "0-1"]
[WhiteElo "2451"]
[BlackElo "2606"]
[PlyCount "100"]
[EventDate "2005.09.26"]
[EventType "schev (rapid)"]
[EventRounds "6"]
[EventCountry "BRA"]
[SourceTitle "CBM 108 Extra"]
[Source "ChessBase"]
[SourceDate "2005.11.04"]
[SourceVersion "1"]
[SourceVersionDate "2005.11.04"]
[SourceQuality "1"]

1. e4 c5 2. Nf3 Nc6 3. d4 cxd4 4. Nxd4 Nf6 5. Nc3 d6 6. f3 Qb6 7. Nb3 e6 8. Qe2
a6 9. Be3 Qc7 10. O-O-O b5 11. g4 Be7 12. Kb1 Nd7 13. Qf2 Rb8 14. h4 Nb6 15.
Bxb5 axb5 16. Nxb5 Qb7 17. Bxb6 Qxb6 18. Qxb6 Rxb6 19. Nxd6+ Bxd6 20. Rxd6 Ke7
21. Rhd1 Rd8 22. e5 Rd7 23. f4 Nb4 24. Rxd7+ Bxd7 25. Rd4 Bc6 26. Nd2 Nd5 27.
Nc4 Rb4 28. b3 Nc3+ 29. Kb2 Ne2 30. Rd6 Bf3 31. Nb6 Nxf4 32. c4 Ng6 33. Kc3
Rxb6 34. Rxb6 Nxe5 35. g5 f5 36. gxf6+ gxf6 37. a4 f5 38. Kd4 Nd7 39. Ra6 f4
40. Ra7 e5+ 41. Kd3 e4+ 42. Kd4 e3 43. Kd3 Kd6 44. Ra6+ Kc5 45. Ra5+ Kb6 46.
Rb5+ Kc6 47. b4 Kd6 48. Rf5 Be4+ 49. Kxe4 e2 50. Rd5+ Ke6 0-1

[Event "Mario Covas rap 5th"]
[Site "Santos"]
[Date "2005.09.30"]
[Round "5"]
[White "Cubas, Jose Fernando"]
[Black "Vescovi, Giovanni P"]
[Result "0-1"]
[WhiteElo "2451"]
[BlackElo "2640"]
[PlyCount "44"]
[EventDate "2005.09.26"]
[EventType "schev (rapid)"]
[EventRounds "6"]
[EventCountry "BRA"]
[SourceTitle "CBM 108 Extra"]
[Source "ChessBase"]
[SourceDate "2005.11.04"]
[SourceVersion "1"]
[SourceVersionDate "2005.11.04"]
[SourceQuality "1"]

1. e4 c5 2. Nf3 d6 3. d4 cxd4 4. Nxd4 Nf6 5. Nc3 a6 6. Be3 e6 7. g4 e5 8. Nf5
g6 9. g5 gxf5 10. exf5 d5 11. Qd2 d4 12. O-O-O Nc6 13. Bg2 Bxf5 14. gxf6 dxc3
15. Qxc3 Qxf6 16. Bxc6+ bxc6 17. f4 Bh6 18. fxe5 Bxe3+ 19. Kb1 Qg6 20. Rd6 Qg2
21. Re1 Bg5 22. Ka1 O-O 0-1

[Event "Mario Covas rap 5th"]
[Site "Santos"]
[Date "2005.10.01"]
[Round "6"]
[White "Leitao, Rafael Duailibe"]
[Black "Cubas, Jose Fernando"]
[Result "1-0"]
[WhiteElo "2598"]
[BlackElo "2451"]
[PlyCount "71"]
[EventDate "2005.09.26"]
[EventType "schev (rapid)"]
[EventRounds "6"]
[EventCountry "BRA"]
[SourceTitle "CBM 108 Extra"]
[Source "ChessBase"]
[SourceDate "2005.11.04"]
[SourceVersion "1"]
[SourceVersionDate "2005.11.04"]
[SourceQuality "1"]

1. d4 d5 2. c4 c6 3. Nf3 Nf6 4. Nc3 a6 5. a4 e6 6. Bg5 a5 7. e3 Nbd7 8. cxd5
exd5 9. Bd3 Be7 10. Qc2 O-O 11. O-O Re8 12. Rae1 Nf8 13. Ne5 Ng4 14. Bxe7 Qxe7
15. f4 f6 16. Nxg4 Bxg4 17. f5 Bh5 18. Qf2 Bf7 19. g4 h6 20. Kh1 Qd6 21. Rg1
Re7 22. Rg3 Rae8 23. Reg1 Qc7 24. h4 Nh7 25. Ne2 Qd6 26. Nf4 Qb4 27. Ng6 Bxg6
28. fxg6 Nf8 29. g5 fxg5 30. hxg5 Ne6 31. gxh6 gxh6 32. g7 Ng5 33. Qf6 Re6 34.
Qf5 Ne4 35. Bxe4 dxe4 36. Rf1 1-0